| 000 | 00439nam a22001697a 4500 | ||
|---|---|---|---|
| 003 | OSt | ||
| 005 | 20211008030051.0 | ||
| 008 | 180221b ||||| |||| 00| 0 eng d | ||
| 020 | _a0028142713 | ||
| 040 |
_aMMU _beng _cMMU _dMMU |
||
| 050 | _aZ286.P835 2002 | ||
| 245 |
_aAcomprehensive approach/ _cBill |
||
| 260 |
_aNew York: _bMcGraw Hill, _c2002. |
||
| 300 | _axv, 354 p. ; | ||
| 650 | _aacomprehesive approach | ||
| 942 |
_2lcc _cLOAN LOAN |
||
| 999 |
_c30605 _d30604 |
||